000 02408cam a2200169 4500500
005 20260208014816.0
041 _afre
042 _adc
100 1 0 _aGabaude, Jean-Marc
_eauthor
245 0 0 _aFrancisco Suarez, Les êtres de raison, Dispute métaphysique LIV, texte intégral présenté, traduit et annoté par Jean-Paul Coujou, Paris, Vrin, 2001, coll. « Bibliothèque des textes philosophiques », 208 p., 24 E. / Jean-Paul Coujou, Suarez et la refondation de la métaphysique comme ontologie. Étude et traduction de l’Index détaillé de la Métaphysique d’Aristote de F. Suarez, Louvain-la-Neuve, Éd. de l’Institut supérieur de philosophie, et Louvain-Paris, Peeters, 1999, coll. « Philosophes médiévaux », VI-68 p. (introd.) + 246 p. (trad., bibliographie et table).  / François Suarez, Des lois et du Dieu législateur, trad. du latin, introduit et annoté par Jean-Paul Coujou, Paris, Dalloz, 2003, coll. « Bibliothèque Dalloz », VIII-670 p.
260 _c2005.
500 _a100
520 _aPensée et action sont articulées chez Canguilhem. Si on les inscrit dans le contexte de l’entre-deux-guerres et en les comparant aux trajectoires de contemporains tels que Cavaillès, Rougier et Sartre, l’engagement de Canguilhem pendant la guerre, ainsi que la forme d’action choisie deviennent intelligibles, si, évitant l’essentialisme, on les analyse à la lumière de la notion de disposition, de l’appartenance à des réseaux de sociabilité et de son âge, éléments qui guident autant la propension à prendre des risques que le contenu de ses prises de position.
520 _aThis article analyses the articulation between thought and action in Canguilhem, situating it in the interwar period, drowing a comparison between his trajectory and ones of some of his peers, such as Cavaillès, Rougier and Sartre. Canguilhem’s political choices during the war, and the form of action he chose can be understood using the notion of disposition and by taking into account the social networks to which he belonged and his age, which determine both the tendency to take risks and the content of his intellectual engagements.
786 0 _nRevue philosophique de la France et de l'étranger | 130 | 2 | 2005-06-01 | p. 213a-262a | 0035-3833
856 4 1 _uhttps://shs.cairn.info/revue-philosophique-2005-2-page-213a?lang=fr&redirect-ssocas=7080
999 _c1660706
_d1660706